Control procedures in accounting

Charakteristika kontrolných postupov v účtovníctve. Doporučenia pre ochranu dát v účtovníctve.

Na minha lista:
Detalhes bibliográficos
Autor principal: Dolejšová, Miroslava
Formato: Capítulo de Livro
Idioma:inglês
Assuntos:
Tags: Adicionar Tag
Sem tags, seja o primeiro a adicionar uma tag!

MARC

LEADER 00000naa$a2200000$$$4500
001 0073858
005 20231107072545.3
041 0 |a eng 
044 |a CZ 
245 1 0 |a Control procedures in accounting  |c Miroslava Dolejšová 
520 |a Charakteristika kontrolných postupov v účtovníctve. Doporučenia pre ochranu dát v účtovníctve. 
610 2 0 |a účtovníctvo 
610 2 0 |a postupy účtovné 
610 2 0 |a ochrana dát 
610 2 0 |a softvér 
100 1 |a Dolejšová, Miroslava